00361cam a22001097a 4500008004000000082001200040100002200052245012800074260002500202300001000227650001400237180718b1974 xxu||||| |||| 00| 0 eng d aT1 B73e aBrahmananda, P.R. aExplorations in the new classical theory of political economy: a connected critique of economic theorycby P.R. Brahmananda aBombaybAlliedc1974 a812p. aEconomics